| 000 | 00592nam a2200193 a 4500 | ||
|---|---|---|---|
| 005 | 20221006064436.0 | ||
| 008 | 051004s2004 mx r 000 0 spa d | ||
| 020 | _a9508921900 | ||
| 035 | _aUPN01000140503 | ||
| 049 | _aCG | ||
| 050 | 4 |
_aRC506 _bM3.4 |
|
| 100 | 1 |
_aMaldavsky, David _929102 |
|
| 245 | 1 | 3 |
_aLa investigación psicoanalítica del lenguaje : _balgoritmo David Liberman / _cDavid Maldavsky. |
| 260 |
_aBuenos Aires : _bLugar, _c2004. |
||
| 300 |
_a287 p. : _bcuadros |
||
| 650 | 4 |
_aPSICOANALISIS - _xMETODOLOGIA _95565 |
|
| 650 | 2 |
_aAnálisis del discurso _9232 |
|
| 905 | _aLibro | ||
| 999 |
_c112651 _d112651 |
||